Hungarian studies in English : HSE.

Bibliographic Details
New Title:Hungarian journal of English and American studies
Previous Title:Angol filológiai tanulmányok
Corporate Author: Kossuth Lajos Tudományegyetem. Institute of English and American Studies
Format: Journal
Language:English
Published: Debrecen : Lajos Kossuth University, ©1991-©1992.
Subjects:
Online Availability: Check for online availability

MARC

Tag First Indicator Second Indicator Subfields
LEADER 00000cas a2200000 a 4500
001 in00002787907
005 20151202172147.0
006 m o d
007 cr bn||||||abp
007 cr bn||||||ada
008 100518d19911992hu ar poo 0 0eng c
010 |a  2012235294 
022 |y 1217-0283  |l 1217-0283  |y 0570-0973 
035 |a (OCoLC)ocn619698753 
035 |a (OCoLC)619698753 
040 |a OCLCE  |b eng  |c OCLCE  |d EYM  |d HUL  |d TXA  |d UtOrBLW 
042 |a dlr  |a pcc 
049 |a TXAM 
050 4 |a PR1  |b .H54 
050 4 |a PE9  |b .H86 
090 |a PE25  |b .A62 Electronic 
245 0 0 |a Hungarian studies in English :  |b HSE. 
246 3 0 |a HSE 
264 1 |a Debrecen :  |b Lajos Kossuth University,  |c ©1991-©1992. 
310 |a Annual 
336 |a text  |b txt  |2 rdacontent 
337 |a computer  |b c  |2 rdamedia 
338 |a online resource  |b cr  |2 rdacarrier 
362 1 |a Began with: Vol. 22 (1991); ceased with: Vol. 23 (1992). 
506 |3 Use copy  |f Restrictions unspecified  |2 star  |5 MiAaHDL 
533 |a Electronic reproduction.  |b [S.l.] :  |c HathiTrust Digital Library,  |d 2010.  |5 MiAaHDL 
550 |a Published by: Institute of English and American Studies, Lajos Kossuth University. 
583 1 |a digitized  |c 2010  |h HathiTrust Digital Library  |l committed to preserve  |2 pda  |5 MiAaHDL 
588 |a Description based on: Vol. 22 (1991); title from PDF cover (JSTOR, viewed May 18, 2012). 
588 |a Latest issue consulted: Vol. 23 (1992) (JSTOR, viewed May 18, 2012). 
500 |a Electronic resource. 
650 0 |a English literature  |x History and criticism  |v Periodicals. 
650 0 |a American literature  |x History and criticism  |v Periodicals. 
650 0 |a Criticism  |z Hungary  |v Periodicals. 
710 2 |a Kossuth Lajos Tudományegyetem.  |b Institute of English and American Studies. 
776 0 8 |i Print version:  |t Hungarian studies in English  |x 1217-0283  |w (DLC) 93640279  |w (OCoLC)28763021 
780 0 0 |t Angol filológiai tanulmányok  |w (DLC) 2012235295  |w (OCoLC)567480613 
785 0 0 |t Hungarian journal of English and American studies  |w (DLC) 2012235293  |w (OCoLC)606563913 
948 |a cataloged  |b h  |c 2012/12/20  |d c  |e spoltoratski  |f 11:44:30 am  |g sc 
994 |a C0  |b TXA 
999 |a MARS 
999 f f |s 27861dff-8072-36cb-820b-683c98831515  |i 7403b5db-982f-361e-b558-768e59bf8718  |t 0 
952 f f |a Texas A&M University  |b College Station  |c Electronic Resources  |d Available Online  |t 0  |e PE25 .A62  |g Electronic  |h Library of Congress classification 
998 f f |a PE25 .A62  |t 0  |l Available Online